000 00659cam a22002173a 4500
001 10138
003 PGUSA
005 20140828083220.0
008 031101s2003||||xxu|||||s|||||000 | eng d
040 _aPGUSA
_beng
042 _adc
050 4 _aAP
245 1 4 _aThe Atlantic Monthly, Volume 01, No. 02, December, 1857 :
_bA Magazine of Literature, Art, and Politics
_h[electronic resource] /
_cVarious
260 _bProject Gutenberg,
_c2003
506 _aPublic domain in the USA.
516 _aElectronic text
653 _aAmerican periodicals
830 0 _aProject Gutenberg
_v10138
856 4 0 _uhttp://www.gutenberg.org/ebooks/10138
942 _cEB
999 _c239393
_d239393